00229nam a2200097 a 4500008004100000050001500041100001700056245003300073250001600106350000900122120416s9999 xx |||||||||||||| || u aTT 305 Tat aTatton, W. H10aIndustrial paint application a2nd edition a0.00